Mars Brands - Sudden Death - Statistics

General Stats
  • This quiz has been taken 43 times
  • The average score is 5 of 12
Answers on the Grid
Answers color-coded by a green-red scale on the quiz's grid according to % correct below.
M&M's
3 Musketeers
Dove
Maltesers
Milky Way
Snickers
Twix
Skittles
Life Savers
Starburst
Altoids
Juicy Fruit
Butterfinger
Raisinets
Almond Joy
Milk Duds
Reese's
Swedish Fish
Lemonheads
Cadbury
Chuckles
Razzles
Now and Later
Haribo
 
Answer Stats
Answer % Correct
M&M's
80%
Skittles
80%
Twix
80%
Maltesers
60%
Milky Way
60%
Snickers
60%
3 Musketeers
40%
Starburst
40%
Juicy Fruit
20%
Altoids
0%
Dove
0%
Life Savers
0%
No matching quizzes found
Score Distribution
Percent of People with Each Score
Percentile by Number Answered
Your Score History
You have not taken this quiz